000 00955nam a2200217Ia 4500
999 _c39638
_d39638
001 6238
003 GE_BSU
005 20190513142337.0
008 181216s1973||||ge |||||||||||||| ||geo||
040 _cGE_BSU
041 _ageo
080 _a664.3(075.8) თ-36
100 _aთარხნიშვილი, ა.
_91053
245 _aკვების პროდუქტების ზოგადი ტექნოლოგია II ნაწ. :
_bსახელმძღვ. /
_cა. თარხნიშვილი ; რედ. ბ. ივანოვი.
264 _aთბილისი :
_bგანათლება,
_c1973.
300 _a355 გვ. :
_bილ. ;
_c22 სმ.
504 _aბიბლიოგრ. გვ.351-352.
653 _aკვების პროდუქტების ტექნოლოგია
700 _aივანოვი, ბ.
_eრედაქტორი
_91054
942 _cBK
_2udc